Taylor Swift - Paroles Bejeweled - Statistiques

Statistiques générales
  • Ce quiz a été pris 175 fois
    161 depuis la dernière actualisation
  • Le résultat moyen est 373 sur 427
Statistiques - réponses
Hint Réponse % Correct
a
100%
A
100%
I
100%
"I
100%
(I
100%
In
99%
in
99%
the
99%
And
98%
bejeweled
98%
I'm
98%
still
98%
to
98%
when
98%
When
98%
you
98%
you)
98%
as
97%
can
97%
my
97%
of
97%
place
97%
shimmer
97%
walk
97%
"Do
96%
do?
96%
girl
96%
girl)
96%
have
96%
remember"
96%
whole
96%
believe
95%
don't
95%
Don't
95%
make
95%
me
95%
room
95%
ask,
94%
he
94%
your
94%
Refrain Best
93%
by
93%
man?"
93%
then
93%
They
93%
Couplet 1 | Couplet 2 Baby
92%
nice
91%
Nice
91%
say,
91%
think
91%
too
91%
(too
91%
been
90%
I've
89%
Diamonds
88%
diamond's
88%
real,
88%
real
88%
some
88%
heart
87%
mind
87%
all
86%
little
86%
on
86%
band
85%
boy,
85%
going
84%
out
84%
tonight
84%
kind
83%
put
83%
way,
83%
eyes
82%
good
82%
meet
82%
gonna
80%
What's
80%
shine
79%
But
78%
Did
78%
present
78%
gave
77%
got
77%
love,
77%
basement
76%
five
76%
polish
76%
top
76%
miss
75%
up
75%
(Huh)
74%
shoes
74%
you're
74%
(Huh),
73%
try
73%
change
72%
heard?
72%
lessons
72%
time
72%
it's
71%
gotta
70%
penthouse
70%
first
69%
someone
69%
sparkling
69%
teach
68%
world
68%
(ah,
67%
Familiarity
67%
want
67%
land
66%
sky
66%
their
66%
Didn't
65%
night
65%
only
65%
was
64%
credit,
63%
line
63%
tears
63%
face
62%
works
62%
'cause
61%
over
61%
peace
61%
wait
61%
Just
60%
said
60%
extra
59%
high
59%
guy
58%
curve
57%
made
57%
notice
57%
Puttin'
57%
reclaim
57%
might
55%
Sadness
52%
Bridge Sapphire
51%
walking
50%
aura's
46%
breeds
43%
moonstone
43%
we're
43%
became
40%
dancin'
40%
contempt
39%
graded
35%
hey)
20%
Aucun quiz correspondant
Distribution des résultats
% des personnes avec chaque résultat
Percentile par nombre de réponses
Votre historique - résultats
Vous n’avez pas pris ce quiz depuis la dernière actualisation